Psalms in Daily Life (Record no. 17592)

MARC details
000 -LEADER
fixed length control field 00536nam a2200229 a 4500
020 ## - INTERNATIONAL STANDARD BOOK NUMBER
ISBN 9780281051410
082 00 - DEWEY DECIMAL CLASSIFICATION NUMBER
Classification number 223.2
Author Cutter ROG
100 ## - MAIN ENTRY--AUTHOR NAME
Author name Rogerson, John
245 ## - TITLE STATEMENT
Title Psalms in Daily Life
260 ## - PUBLICATION, DISTRIBUTION, ETC. (IMPRINT)
Place of publication London
Name of publisher SPCK
Year of publication 2001
300 ## - PHYSICAL DESCRIPTION
Number of Pages 104p
500 ## - GENERAL NOTE
General note includes index and biblioraphy
650 ## - SUBJECT ADDED ENTRY--TOPICAL TERM
Topical Term Psalms
942 ## - ADDED ENTRY ELEMENTS (KOHA)
Koha item type Books
700 1# -
-- Rogerson, John
Holdings
Collection code Home library Current library Date acquired Cost, normal purchase price Full call number Accession Number Koha item type
  Henry Martyn Institute Library Henry Martyn Institute Library 02/09/2010 100.00 223.2 ROG 11002133 Books
                   Copyright © 2026 | Henry Martyn Institute | Hyderabad | TS-500052 | INDIA | Implemented by hmi.edu.in
Hit-Count:

Powered by Koha